000 00617nam a2200229Ia 4500
003 OSt
005 20221007073119.0
006 a|||||r|||| 00| 0
007 ta
008 221006b |||||||| |||| 00| 0 eng d
024 _a13,822
037 _cTextual
040 _aFLL
_cFLL
_beng
041 _2eng
_aeng
082 _aW:5:Z1, M0
100 _aMcdougal M.S. Au.
_9691934
245 0 _aHuman rights and world public order
260 _aLondon
_bYale university press London
_c1980
300 _a1016p
_ccm.
942 _hW:5:Z1, M0
_cTEXL
_2CC
999 _c1147723
_d1147723